Southville International School and Colleges
Your cart is empty.
  • Cart
  • Lists
    Public lists Eva Luna New books Lux_list list_1
    Your lists Log in to create your own lists
  • Log in to your account
  • Your cookies
  • Search history
Southville International School and Colleges
  • Advanced search
  • Recent comments
  • Most popular
  • Libraries

Log in to your account

Log in with GOOGLE


If you do not have an external account, but do have a local account, you can still log in:

  1. Home
  2. MARC view: Long winter gone /
Normal view MARC view ISBD view

Long winter gone / (Record no. 19566)

[ view plain ]
MARC details
000 -LEADER
fixed length control field 00432nam a2200169 a 4500
005 - DATE AND TIME OF LATEST TRANSACTION
control field 20140310183147.0
008 - FIXED-LENGTH DATA ELEMENTS--GENERAL INFORMATION
fixed length control field 020826s19uu xx 00 eng d
020 ## - INTERNATIONAL STANDARD BOOK NUMBER
International Standard Book Number 0553286218
050 ## - LIBRARY OF CONGRESS CALL NUMBER
Classification number PZ 7
Item number .J72 1990
100 ## - MAIN ENTRY--PERSONAL NAME
Personal name Johnston, Terry.
245 ## - TITLE STATEMENT
Title Long winter gone /
Statement of responsibility, etc Terry C. Johnston.
260 ## - PUBLICATION, DISTRIBUTION, ETC. (IMPRINT)
Place of publication, distribution, etc USA :
Name of publisher, distributor, etc Bantam Books,
Date of publication, distribution, etc 1990.
300 ## - PHYSICAL DESCRIPTION
Extent 452 p. :
Dimensions 18 cm.
650 ## - SUBJECT ADDED ENTRY--TOPICAL TERM
Topical term or geographic name as entry element Fiction
942 ## - ADDED ENTRY ELEMENTS (KOHA)
Koha item type Books
Source of classification or shelving scheme Library of Congress Classification
Holdings
Withdrawn status Lost status Source of classification or shelving scheme Damaged status Home library Current library Shelving location Date acquired Total Checkouts Full call number Barcode Date last seen Date checked out Copy number Price effective from Koha item type
    Library of Congress Classification   College Library College Library Fiction Section 10/14/2010 1 PZ 7 .J72 1990 C0672 05/08/2018 12/10/2014 1 10/10/2013 Books

Long winter gone /

APA

Johnston T., . (1990). Long winter gone. USA: Bantam Books.

Chicago

Johnston Terry, . 1990. Long winter gone. USA: Bantam Books.

Harvard

Johnston T., . (1990). Long winter gone. USA: Bantam Books.

MLA

Johnston Terry, . Long winter gone. USA: Bantam Books. 1990.

  • Place hold
  • Print
  • Cite
  • Add to your cart (remove)
  • Save record
    BIBTEX Dublin Core MARCXML MARC (non-Unicode/MARC-8) MARC (Unicode/UTF-8) MARC (Unicode/UTF-8, Standard) MODS (XML) RIS
  • More searches
    Search for this title in:
    Other Libraries (WorldCat) Other Databases (Google Scholar) Online Stores (Bookfinder.com) Open Library (openlibrary.org)

Exporting to Dublin Core...

SOUTHVILLE LIBRARY

Southville International School and Colleges Library

1281 Tropical Ave. Cor. Luxembourg St., BF Homes International, Las Pinas City

Tel. No. 8256374 / 252358 Loc. 117/146

Powered by Koha